00289nam a2200109 a 4500008004100000050001400041100002200055245004600077260002500123300002200148350000900170120416s1987 ||||||||||||||||| || u aT 355 Mol aMolnar, John P. E10aBuilding construction drafting and design aNew DelhibCBSc1987 axii, 244p. : ill. a0.00